000 00420nam a2200181Ia 4500
003 IT-RoPAU
005 20220918175340.0
008 120407s9999 xx 000 0 und d
040 _aIT-RoPAU
040 _cIT-RoPAU
100 _aAndre Gunder Frank
_934152
245 _aCapitalismo e sottosviluppo in America Latina
250 _aTorino
260 _aEinaudi
300 _c cm
490 _v1
942 _cBK
_2ddc
999 _c5690
_d5690